|
|
|
|
| LEADER |
00000nab a2200000 a 4500 |
| 001 |
vtls000392980 |
| 003 |
SK-MaSNL |
| 005 |
20260303231408.0 |
| 008 |
160204c1989 xo 0 cze |
| 015 |
|
|
|a SNBRA19rr/mm-uuuuu
|
| 035 |
|
|
|a CL0393104
|
| 040 |
|
|
|a SNKBUCL
|b slo
|c SNKBUCL
|e AACR2
|
| 041 |
0 |
|
|a cze
|
| 044 |
|
|
|a xo
|c SK
|
| 080 |
|
|
|a 624.21.058:531.781:681.3
|2 1981
|
| 080 |
|
|
|a 531.781
|2 1981
|
| 080 |
|
|
|a 681.3
|2 1981
|
| 245 |
0 |
0 |
|a Automatizace měření při statických zatěžovacích zkouškách mostů ; V. Havlůj, J. Kubeš, M. Picek, L. Bartoušek, J. Záruba
|
| 300 |
|
|
|b Obr. 3. Sch. 4., lit. 9 zázn. v češ.
|
| 650 |
0 |
7 |
|a mosty
|2 snkbucl
|9 3015
|
| 650 |
0 |
7 |
|a skúšky mostov zaťažovacie
|2 snkbucl
|9 952940
|
| 650 |
0 |
7 |
|a strunová tenzometria
|2 snkbucl
|9 1266443
|
| 655 |
|
7 |
|a články zo zborníkov
|2 snkbucl
|9 166140
|
| 700 |
1 |
|
|a Havlůj, V.
|4 aut
|9 1266444
|
| 700 |
1 |
|
|a Kubeš, J.
|4 aut
|9 1143757
|
| 700 |
1 |
|
|a Picek, M.
|4 aut
|9 1266445
|
| 700 |
1 |
|
|a Bartoušek, L.
|4 aut
|9 1266446
|
| 700 |
1 |
|
|a Záruba, J.
|4 aut
|9 1266447
|
| 773 |
0 |
|
|t Experimentálna analýza napätí
|d Žilina : Dom techniky ČSVTS, 1989
|g S. 85-97
|
| 850 |
|
|
|a Slovenská národná knižnica v Martine
|a MTA001
|
| 852 |
|
|
|a SNK
|b KIS3GCP
|
| 958 |
|
|
|a NB
|
| 958 |
|
|
|a RK
|
| 958 |
|
|
|a CZ
|
| 992 |
|
|
|a RZB
|
| 999 |
|
|
|c 2266521
|d 2268451
|